Avalúo de terrenos de protección ambiental y uso institucional /

Contenido: 1) Introducción al tema de la valoración ambiental; 2) Métodos de valoración económica ambiental; 3) Metodología para valorar rondas de ríos y humedales; 4) Metodología para valorar reservas forestales, áreas protegidas y parques ecológicos; 5) Método para valorar terrenos de protección e...

Celý popis

Uloženo v:
Podrobná bibliografie
Další autoři: Borrero Ochoa, Oscar (autor) (autor)
Médium: Kniha
Jazyk:španělština
Vydáno: Bogotá, Colombia : Bhandar, 2007, c2007
Edice:(Biblioteca de la Construcción)
Témata:
Tagy: Přidat tag
Žádné tagy, Buďte první, kdo vytvoří štítek k tomuto záznamu!

MARC

LEADER 00000nam^a2200000^a^4500
001 000390777
005 20250521000000.0
009 20260526143146.921
020 |a 978-958-9247-25-9 
037 |a Acervo ITESO - Biblioteca 
041 |a ESP 
082 |a 333. 332  |b AVA 
245 0 0 |a Avalúo de terrenos de protección ambiental y uso institucional /  |c O. Borrero Ochoa... [et al.]. 
264 4 |a Bogotá, Colombia :  |b Bhandar,  |c 2007, c2007 
300 |a 411 p. 
336 |a texto  |b txt  |2 rdacontenido 
337 |a sin mediación  |b n  |2 rdamedio 
338 |a volumen  |b nc  |2 rdasoporte 
440 1 |a (Biblioteca de la Construcción) 
520 |a Contenido: 1) Introducción al tema de la valoración ambiental; 2) Métodos de valoración económica ambiental; 3) Metodología para valorar rondas de ríos y humedales; 4) Metodología para valorar reservas forestales, áreas protegidas y parques ecológicos; 5) Método para valorar terrenos de protección en áreas rurales; 6) Metodología para calificar terrenos protegidos rurales; 7) Método para determinar el valor de zonas protegidas en áreas urbanas o de expansión; 8) Valoración de áreas dotacionales; 9) Valoración de instituciones educativas y otros terrenos institucionales: áreas culturales, instituciones de salud y bienestar social; 10) Valoración de parques y zonas verdes urbanas; 11) Marco jurídico de los avalúos de áreas protegidas ambientales; 12) La evaluación del impacto ambiental de proyectos. 
649 |a XX 
650 |a Gestión Ambiental 
650 |a Impacto Ambiental -  |x Análisis 
650 |a Tenencia de la Tierra 
650 |a Valor (Economía) 
650 |a Avalúo Inmobiliario -  |x Tema Principal 
650 |a Bienes Inmuebles 
650 |a Derecho de Propiedad 
650 |a Administración Inmobiliaria 
650 |a Economía de la Tierra 
700 |a Borrero Ochoa, Oscar  |e (autor) 
910 |a Fondo General 
920 |a Impresos - Libros 
930 |a Colección General 
905 |a 101 
901 |a 0500285742  |b IT1  |c ACC  |i C153782  |u 20250521 
902 |a https://opac.biblio.iteso.mx/vufind/Record/000390777